La llave mágica

Cuando cumple nueve años, Omri solo recibe regalos convencionales. Sin embargo, descubrirá que dos de ellos, los que, a primera vista, parecen menos interesantes, tienen un carácter mágico, gracias al cual Omri vivirá emocionantes aventuras.

Guardado en:
Autor Principal: Oz, Frank.
Autor Corporativo: Paramount Pictures.
Otros Autores: Mathison, Melissa ; Guion., Scardino, Hal; Reparto., Litefoot; Reparto.
Formato: Deslizar
Idioma:Undetermined
Publicado: Estados Unidos : Paramount Pictures, 1995.
Materias:
Etiquetas: Agregar Etiqueta
Sin Etiquetas, Sea el primero en etiquetar este registro!
LEADER 01112ngm a22002415a 4500
001 CEM.cems020581
008 231025s1995####xx#---############vlund#d
005 20231025200436.0
245 1 0 |a La llave mágica  |h [videograbación] /  |c Frank Oz. 
260 |a Estados Unidos :  |b Paramount Pictures,  |c 1995. 
300 |a 96'. 
500 |a Título original: The Indian in the Cupboard -- Idioma: Doblada al español. 
538 |a Soporte: DVD -- Formato: AVI – Peso: 632mb -- Resolución: 720 x 480 -- 23.98 fps 
590 |a Identificación anterior: 243 
520 |a Cuando cumple nueve años, Omri solo recibe regalos convencionales. Sin embargo, descubrirá que dos de ellos, los que, a primera vista, parecen menos interesantes, tienen un carácter mágico, gracias al cual Omri vivirá emocionantes aventuras. 
100 1 |a Oz, Frank. 
700 1 |a Mathison, Melissa ; Guion. 
700 1 |a Scardino, Hal; Reparto. 
700 1 |a Litefoot; Reparto. 
710 2 |a Paramount Pictures. 
653 |a LARGOMETRAJE 
653 |a FICCIÓN 
859 |a CEMS  |b BIB. CEMS - Depto. Recursos Didacticos  |h 778.5  |i OZ-1  |k DRD  |p 3187.23  |t Ej.1